<?xml version="1.0" encoding="UTF-8"?>
<record
    xmlns:xsi="http://www.w3.org/2001/XMLSchema-instance"
    xsi:schemaLocation="http://www.loc.gov/MARC21/slim http://www.loc.gov/standards/marcxml/schema/MARC21slim.xsd"
    xmlns="http://www.loc.gov/MARC21/slim">

  <leader>01869nam a22003257i 4500</leader>
  <controlfield tag="003">EG-ScBUE</controlfield>
  <controlfield tag="005">20250611085645.0</controlfield>
  <controlfield tag="008">090727s1981    le a   f      000 0 ara d</controlfield>
  <datafield tag="040" ind1=" " ind2=" ">
    <subfield code="a">EG-ScBUE</subfield>
    <subfield code="b">ara</subfield>
    <subfield code="e">rda</subfield>
    <subfield code="c">EG-ScBUE</subfield>
    <subfield code="d">EG-ScBUE</subfield>
  </datafield>
  <datafield tag="082" ind1="0" ind2="4">
    <subfield code="a">523.4</subfield>
    <subfield code="b">&#x631; &#x627; &#x632;</subfield>
    <subfield code="2">22</subfield>
  </datafield>
  <datafield tag="100" ind1="1" ind2=" ">
    <subfield code="a">&#x627;&#x644;&#x631;&#x627;&#x632;&#x64A;&#x60C; &#x623;&#x628;&#x64A; &#x627;&#x644;&#x62D;&#x633;&#x64A;&#x646; &#x639;&#x628;&#x62F; &#x627;&#x644;&#x631;&#x62D;&#x645;&#x646; &#x628;&#x646; &#x639;&#x645;&#x631;&#x60C;</subfield>
    <subfield code="e">&#x645;&#x624;&#x644;&#x641;.</subfield>
  </datafield>
  <datafield tag="245" ind1="1" ind2="0">
    <subfield code="a">&#x643;&#x62A;&#x627;&#x628; &#x635;&#x648;&#x631; &#x627;&#x644;&#x643;&#x648;&#x627;&#x643;&#x628; &#x627;&#x644;&#x62B;&#x645;&#x627;&#x646;&#x64A;&#x629; &#x648;&#x627;&#x644;&#x623;&#x631;&#x628;&#x639;&#x64A;&#x646; &#x61B;</subfield>
    <subfield code="b">&#x648;&#x62A;&#x644;&#x64A;&#x647; &#x623;&#x631;&#x62C;&#x648;&#x632;&#x629; &#x627;&#x628;&#x646; &#x627;&#x644;&#x635;&#x648;&#x641;&#x64A; /</subfield>
    <subfield code="c">&#x62A;&#x623;&#x644;&#x64A;&#x641; &#x623;&#x628;&#x649; &#x627;&#x644;&#x62D;&#x633;&#x64A;&#x646; &#x639;&#x628;&#x62F; &#x627;&#x644;&#x631;&#x62D;&#x645;&#x646; &#x628;&#x646; &#x639;&#x645;&#x631; &#x627;&#x644;&#x631;&#x627;&#x632;&#x649; &#x627;&#x644;&#x645;&#x639;&#x631;&#x648;&#x641; &#x628;&#x627;&#x644;&#x635;&#x648;&#x641;&#x64A; &#x627;&#x644;&#x645;&#x62A;&#x648;&#x641;&#x649; &#x639;&#x627;&#x645; 367 &#x647;&#x640; / 986 &#x645; &#x61B; &#x62A;&#x62D;&#x642;&#x64A;&#x642; &#x644;&#x62C;&#x646;&#x629; &#x625;&#x62D;&#x64A;&#x627;&#x621; &#x627;&#x644;&#x62A;&#x631;&#x627;&#x62B; &#x627;&#x644;&#x639;&#x631;&#x628;&#x64A; &#x641;&#x64A; &#x62F;&#x627;&#x631; &#x627;&#x644;&#x622;&#x641;&#x627;&#x642; &#x627;&#x644;&#x62C;&#x62F;&#x64A;&#x62F;&#x629;.</subfield>
  </datafield>
  <datafield tag="246" ind1="3" ind2="0">
    <subfield code="a">&#x635;&#x648;&#x631; &#x627;&#x644;&#x643;&#x648;&#x627;&#x643;&#x628; &#x627;&#x644;&#x62B;&#x645;&#x627;&#x646;&#x64A;&#x629; &#x648;&#x627;&#x644;&#x623;&#x631;&#x628;&#x639;&#x64A;&#x646;</subfield>
  </datafield>
  <datafield tag="246" ind1="3" ind2="5">
    <subfield code="a">Suwaru'l-kaw&#x101;kib, or, (uranometry) : </subfield>
    <subfield code="b">(description of the 48 constellations) Arabic text with the 'urj&#x16B;za of Ibn U's-S&#x16B;f&#x3AA;</subfield>
  </datafield>
  <datafield tag="246" ind1="3" ind2="3">
    <subfield code="a">Uranometry</subfield>
  </datafield>
  <datafield tag="250" ind1=" " ind2=" ">
    <subfield code="a">&#x627;&#x644;&#x637;&#x628;&#x639;&#x629; &#x627;&#x644;&#x623;&#x648;&#x644;&#x649;.</subfield>
  </datafield>
  <datafield tag="264" ind1=" " ind2="1">
    <subfield code="a">&#x628;&#x64A;&#x631;&#x648;&#x62A; :</subfield>
    <subfield code="b">&#x62F;&#x627;&#x631; &#x627;&#x644;&#x622;&#x641;&#x627;&#x642; &#x627;&#x644;&#x62C;&#x62F;&#x64A;&#x62F;&#x629;&#x60C;</subfield>
    <subfield code="c">1981.</subfield>
  </datafield>
  <datafield tag="300" ind1=" " ind2=" ">
    <subfield code="a">1 &#x645;&#x62C;&#x644;&#x62F; (&#x645;&#x62A;&#x639;&#x62F;&#x62F; &#x627;&#x644;&#x62A;&#x631;&#x642;&#x64A;&#x645;) :</subfield>
    <subfield code="b">&#x625;&#x64A;&#x636;&#x627;&#x62D;&#x64A;&#x627;&#x62A; &#x61B;</subfield>
    <subfield code="c">24 &#x633;&#x645;</subfield>
  </datafield>
  <datafield tag="336" ind1=" " ind2=" ">
    <subfield code="2">rdacontent</subfield>
    <subfield code="a">text</subfield>
    <subfield code="b">txt</subfield>
  </datafield>
  <datafield tag="337" ind1=" " ind2=" ">
    <subfield code="a">unmediated</subfield>
    <subfield code="2">rdamedia</subfield>
    <subfield code="b">n</subfield>
  </datafield>
  <datafield tag="338" ind1=" " ind2=" ">
    <subfield code="a">volume</subfield>
    <subfield code="b">nc</subfield>
    <subfield code="2">rdacarrier</subfield>
  </datafield>
  <datafield tag="500" ind1=" " ind2=" ">
    <subfield code="a">&#x646;&#x633;&#x62E;&#x629; &#x645;&#x62D;&#x642;&#x642;&#x629; &#x648;&#x645;&#x642;&#x627;&#x628;&#x644;&#x629; &#x639;&#x644;&#x649; &#x639;&#x62F;&#x629; &#x646;&#x633;&#x62E; &#x645;&#x639;&#x62A;&#x645;&#x62F;&#x629; &#x648;&#x645;&#x631;&#x627;&#x62C;&#x639;&#x629; &#x639;&#x644;&#x649; &#x646;&#x633;&#x62E;&#x629; &#x627;&#x644;&#x623;&#x645;&#x64A;&#x631; &#x627;&#x644;&#x63A; &#x628;&#x64A;&#x643; &#x643;&#x648;&#x631;&#x643;&#x627;&#x646;.</subfield>
  </datafield>
  <datafield tag="650" ind1=" " ind2="7">
    <subfield code="9">8153</subfield>
    <subfield code="a">&#x627;&#x644;&#x643;&#x648;&#x627;&#x643;&#x628;.</subfield>
    <subfield code="2">BUEsh</subfield>
  </datafield>
  <datafield tag="650" ind1=" " ind2="7">
    <subfield code="9">8154</subfield>
    <subfield code="a">&#x627;&#x644;&#x646;&#x62C;&#x648;&#x645;.</subfield>
    <subfield code="2">BUEsh</subfield>
  </datafield>
  <datafield tag="655" ind1=" " ind2=" ">
    <subfield code="v">Reading book</subfield>
  </datafield>
  <datafield tag="700" ind1="1" ind2="2">
    <subfield code="a">&#x627;&#x644;&#x631;&#x627;&#x632;&#x64A;&#x60C; &#x623;&#x628;&#x64A; &#x627;&#x644;&#x62D;&#x633;&#x64A;&#x646; &#x639;&#x628;&#x62F; &#x627;&#x644;&#x631;&#x62D;&#x645;&#x646; &#x628;&#x646; &#x639;&#x645;&#x631;.</subfield>
    <subfield code="t">&#x623;&#x631;&#x62C;&#x648;&#x632;&#x629; &#x627;&#x628;&#x646; &#x627;&#x644;&#x635;&#x648;&#x641;&#x64A;.</subfield>
  </datafield>
  <datafield tag="710" ind1="2" ind2=" ">
    <subfield code="a">&#x62F;&#x627;&#x631; &#x627;&#x644;&#x622;&#x641;&#x627;&#x642; &#x627;&#x644;&#x62C;&#x62F;&#x64A;&#x62F;&#x629;.</subfield>
    <subfield code="b">&#x644;&#x62C;&#x646;&#x629; &#x625;&#x62D;&#x64A;&#x627;&#x621; &#x627;&#x644;&#x62A;&#x631;&#x627;&#x62B; &#x627;&#x644;&#x639;&#x631;&#x628;&#x64A;&#x60C;</subfield>
    <subfield code="e">&#x645;&#x62D;&#x642;&#x642;.</subfield>
  </datafield>
  <datafield tag="740" ind1="0" ind2="2">
    <subfield code="a">&#x623;&#x631;&#x62C;&#x648;&#x632;&#x629; &#x627;&#x628;&#x646; &#x627;&#x644;&#x635;&#x648;&#x641;&#x64A;</subfield>
  </datafield>
  <datafield tag="942" ind1=" " ind2=" ">
    <subfield code="2">ddc</subfield>
    <subfield code="c">BB</subfield>
  </datafield>
  <datafield tag="999" ind1=" " ind2=" ">
    <subfield code="c">12429</subfield>
    <subfield code="d">12429</subfield>
  </datafield>
  <datafield tag="952" ind1=" " ind2=" ">
    <subfield code="0">0</subfield>
    <subfield code="1">0</subfield>
    <subfield code="2">ddc</subfield>
    <subfield code="4">0</subfield>
    <subfield code="7">0</subfield>
    <subfield code="8">Alef-Baa</subfield>
    <subfield code="a">MAIN</subfield>
    <subfield code="b">MAIN</subfield>
    <subfield code="c">1ST</subfield>
    <subfield code="d">2009-07-27</subfield>
    <subfield code="e">Purchase</subfield>
    <subfield code="o">523.4 &#x631; &#x627; &#x632;</subfield>
    <subfield code="p">000017715</subfield>
    <subfield code="r">2025-07-15 00:00:00</subfield>
    <subfield code="s">2024-03-25</subfield>
    <subfield code="y">BB</subfield>
  </datafield>
</record>
